La historia clinica : historia y teoria del relato patografico (Registro nro. 76175)

Detalles MARC
001 - NÚMERO DE CONTROL
campo de control 159183
005 - FECHA Y HORA DE LA ÚLTIMA TRANSACCIÓN
campo de control 20260506075639.0
008 - DATOS DE LONGITUD FIJA--INFORMACIÓN GENERAL
campo de control de longitud fija 971216s1950 spa
035 ## - NÚMERO DE CONTROL DEL SISTEMA
Número de control de sistema 159183
035 ## - NÚMERO DE CONTROL DEL SISTEMA
Número de control de sistema (OCoLC)778015602
040 ## - FUENTE DE LA CATALOGACIÓN
Centro/agencia transcriptor comduadb
041 ## - CÓDIGO DE LENGUA
Código de lengua del texto/banda sonora o título independiente spa
080 ## - NÚMERO DE LA CLASIFICACIÓN DECIMAL UNIVERSAL
Número de la Clasificación Decimal Universal WZ
100 #0 - ENTRADA PRINCIPAL--NOMBRE DE PERSONA
Nombre de persona Laín Entralgo, Pedro,
Fechas asociadas al nombre 1908-2001
Código de función aut
Número de control del registro de autoridad o número normalizado (isni)0000 0001 0931 133X
-- (viaf)108328947
Término indicativo de función/relación Autor/a
9 (RLIN) 316407
245 13 - MENCIÓN DE TÍTULO
Título La historia clinica : historia y teoria del relato patografico
260 ## - PUBLICACIÓN, DISTRIBUCIÓN, ETC.
Lugar de publicación, distribución, etc. Barcelona :
Nombre del editor, distribuidor, etc. Diana,
Fecha de publicación, distribución, etc. 1950.
300 ## - DESCRIPCIÓN FÍSICA
Extensión 775 páginas
650 ## - PUNTO DE ACCESO ADICIONAL DE MATERIA--TÉRMINO DE MATERIA
Término de materia o nombre geográfico como elemento de entrada Acto médico
9 (RLIN) 40046
650 #7 - PUNTO DE ACCESO ADICIONAL DE MATERIA--TÉRMINO DE MATERIA
Término de materia o nombre geográfico como elemento de entrada Registros médicos
Fuente del encabezamiento o término dcs
9 (RLIN) 227257
942 ## - ELEMENTOS DE ENTRADA AGREGADA (KOHA)
Tipo de ítem Koha Libros
Existencias
Estado de retiro Estado de pérdida Estado dañado No para préstamo Código de colección Localización permanente Ubicación/localización actual Fecha de adquisición Fuente de adquisición Número de inventario Total de préstamos Signatura topográfica completa Código de barras Fecha visto por última vez Número de copia Precio válido a partir de Tipo de ítem Koha
        Colección Historia de la Medicina Biblioteca Médica, Campus Medellín Biblioteca Médica, Campus Medellín 16/12/1997 Material adquirido por donación C219714   WZ40 L3-50 61000001846266 21/04/2023 1 21/04/2023 Libros - Reserva